00274 2200121 4500245005400000250001100054100001100065650001600076005001900092260001800111041001400129336000900143 aLAPORAN KARYA SISWAb : IKAN BADUTcAISYAHhText aCet. 1 aAISYAH aKarya Siswa a20240829114623 aJakartac2024 aIndonesia atext